Magyar uralkodóházak - Statistiken

Allgemein
  • Dieses Quiz wurde 23 mal gespielt
  • Das Durchschnittsergebnis liegt bei 5 aus 9
Antwortstatistiken
Uralkodók száma Családnév % Korrekt
25 Árpád
94%
19 Habsburg
89%
1 Hunyadi
78%
4 Anjou
67%
3 Jagelló
56%
1 Luxemburgi
50%
2 Szapolyai
28%
1 Přemysl
17%
1 Wittelsbach
17%
Keine übereinstimmenden Quizze gefunden
Verteilung der Resultate
Anzahl Personen mit jedem Resultat
Perzentil nach korrekt beantworteten Fragen
Ihre Resultats-Entwicklung
Sie haben dieses Quiz noch nicht gespielt